[Event "64 Villalba CC op 10th"]
[Site "Collado Villalba ESP"]
[Date "2025.08.06"]
[Round "3.3"]
[White "Alvarez Lee, Felix"]
[Black "Elissalt Cardenas, Hector"]
[Result "0-1"]
[WhiteElo "1967"]
[BlackElo "2310"]
[WhiteFideId "-1"]
[BlackFideId "-1"]
[PlyCount "132"]
[GameId "2236928192774542"]
[EventDate "2025.08.04"]
[EventType "swiss"]
[EventRounds "9"]
[EventCountry "ESP"]
[SourceTitle "Ajedrez en Madrid"]
[Source "lmi"]
[SourceDate "2025.08.04"]
[SourceVersion "1"]
[SourceVersionDate "2025.12.11"]
[SourceQuality "1"]

1. d4 c5 2. d5 e6 3. c4 d6 4. Nc3 g6 5. e4 Bg7 6. h3 Ne7 7. Bd3 O-O 8. Nge2 Nd7 9. f4 exd5 10. exd5 Nf6 11. O-O Nf5 12. Bxf5 Bxf5 13. Ng3 Qd7 14. Nxf5 gxf5 15. Qd3 Rfe8 16. Bd2 a6 17. a4 Re7 18. Rae1 Rae8 19. Rxe7 Rxe7 20. Re1 Rxe1+ 21. Bxe1 Qe8 22. Qe2 Ne4 23. a5 Bd4+ 24. Kh2 f6 25. g4 Bxc3 26. Bxc3 Qg6 27. Qg2 Kf8 28. gxf5 Qxf5 29. Qg4 Qxg4 30. hxg4 f5 31. gxf5 Kf7 32. Kh3 Nf2+ 33. Kh4 Nd1 34. Kg5 Ne3 35. b3 Nd1 36. Be5 Nf2 37. Bb2 Ne4+ 38. Kh6 Nd2 39. Kxh7 Nxb3 40. Bc3 Nd4 41. Kh6 Nxf5+ 42. Kg5 Ne3 43. f5 Nxc4 44. Kf4 b5 45. axb6 Nxb6 46. Ke4 Nd7 47. Kd3 Nf6 48. Kc4 Ng4 49. Kd3 Nf6 50. Kc4 Nd7 51. Kd3 Nb6 52. Ke4 Nc8 53. Ba5 Na7 54. Bc3 Nb5 55. Bb2 c4 56. Bh8 a5 57. Ba1 a4 58. Ke3 a3 59. Kd2 c3+ 60. Bxc3 Nxc3 61. Kxc3 Kf6 62. Kb3 Kxf5 63. Kxa3 Ke4 64. Kb3 Kxd5 65. Kc3 Ke4 66. Kd2 Kd4 0-1

[Event "64 Villalba CC op 10th"]
[Site "Collado Villalba ESP"]
[Date "2025.08.06"]
[Round "3.4"]
[White "Martinez Fernandez, Raul"]
[Black "Lorenzo Martin, Hector"]
[Result "1-0"]
[WhiteElo "2233"]
[BlackElo "1930"]
[WhiteFideId "-1"]
[BlackFideId "-1"]
[PlyCount "55"]
[GameId "2236927200289152"]
[EventDate "2025.08.04"]
[EventType "swiss"]
[EventRounds "9"]
[EventCountry "ESP"]
[SourceTitle "Ajedrez en Madrid"]
[Source "lmi"]
[SourceDate "2025.08.04"]
[SourceVersion "1"]
[SourceVersionDate "2025.12.11"]
[SourceQuality "1"]

1. e4 e6 2. d4 d5 3. Nc3 dxe4 4. Nxe4 Nd7 5. Nf3 Ngf6 6. Nxf6+ Nxf6 7. c3 c5 8. Ne5 a6 9. Be3 Qc7 10. Qa4+ Bd7 11. Nxd7 Qxd7 12. Qxd7+ Nxd7 13. Rd1 Rd8 14. g3 cxd4 15. Bxd4 e5 16. Be3 Nc5 17. Bg2 Rxd1+ 18. Kxd1 Kd7 19. b4 Na4 20. Kc2 Kc7 21. Kb3 Nb6 22. Rd1 Nc8 23. c4 Be7 24. c5 f5 25. a4 Rf8 26. b5 axb5 27. axb5 e4 28. Bf4+ 1-0

[Event "64 Villalba CC op 10th"]
[Site "Collado Villalba ESP"]
[Date "2025.08.06"]
[Round "3.5"]
[White "Lopez de Turiso, Jose Angel"]
[Black "Rodriguez Melendez, Juan Humbert"]
[Result "0-1"]
[WhiteElo "1975"]
[BlackElo "2125"]
[WhiteFideId "-1"]
[BlackFideId "-1"]
[PlyCount "52"]
[GameId "2236934550888874"]
[EventDate "2025.08.04"]
[EventType "swiss"]
[EventRounds "9"]
[EventCountry "ESP"]
[SourceTitle "Ajedrez en Madrid"]
[Source "lmi"]
[SourceDate "2025.08.04"]
[SourceVersion "1"]
[SourceVersionDate "2025.12.11"]
[SourceQuality "1"]

1. d4 Nf6 2. c4 g6 3. Nc3 Bg7 4. e4 d6 5. f4 O-O 6. Nf3 c5 7. d5 e6 8. Be2 exd5 9. exd5 Re8 10. O-O Na6 11. Bd3 h6 12. h3 Nc7 13. a4 Na6 14. Bd2 Nb4 15. Bb1 Bd7 16. Nb5 Qb8 17. Bxb4 cxb4 18. Qb3 a6 19. Nbd4 Qa7 20. Rd1 Qc5 21. Kh2 Rac8 22. Ba2 Nh5 23. g3 Re4 24. Qd3 Bf5 25. Qd2 Rce8 26. Qf2 Re2 0-1

[Event "64 Villalba CC op 10th"]
[Site "Collado Villalba ESP"]
[Date "2025.08.06"]
[Round "3.6"]
[White "Torres Torres, George Maycol"]
[Black "Ezcurra Garzo, Adrian"]
[Result "1-0"]
[WhiteElo "1919"]
[BlackElo "2065"]
[WhiteFideId "-1"]
[BlackFideId "-1"]
[PlyCount "110"]
[GameId "2236946769474103"]
[EventDate "2025.08.04"]
[EventType "swiss"]
[EventRounds "9"]
[EventCountry "ESP"]
[SourceTitle "Ajedrez en Madrid"]
[Source "lmi"]
[SourceDate "2025.08.04"]
[SourceVersion "1"]
[SourceVersionDate "2025.12.11"]
[SourceQuality "1"]

1. e4 c5 2. Nf3 Nf6 3. d3 d6 4. Be3 b6 5. Be2 g6 6. h3 Bg7 7. c3 Bb7 8. Nbd2 Nc6 9. O-O O-O 10. Qc2 Rc8 11. Rad1 e6 12. Qb1 Qe7 13. Rfe1 Nd7 14. d4 a6 15. d5 Nd8 16. c4 e5 17. Bd3 Rb8 18. Qc2 Bc8 19. a4 Nf6 20. Rb1 a5 21. Rbd1 Ne8 22. Nb1 h6 23. Qc1 Kh7 24. Nh2 f5 25. exf5 gxf5 26. f3 Nf6 27. g4 e4 28. fxe4 fxe4 29. Bf4 Nf7 30. Nc3 Ne5 31. Bb1 Qf7 32. Bxe5 dxe5 33. Nxe4 Nxe4 34. Bxe4+ Kh8 35. Rf1 Qd7 36. Rxf8+ Bxf8 37. Rf1 Qd6 38. Qe3 Bg7 39. Nf3 Ba6 40. b3 Rf8 41. Nh4 Rxf1+ 42. Kxf1 Qf6+ 43. Qf2 Qg5 44. Ng6+ Kg8 45. d6 h5 46. Ne7+ Kh8 47. Qf5 Qc1+ 48. Ke2 Bxc4+ 49. bxc4 Qxc4+ 50. Bd3 Qa2+ 51. Kf3 e4+ 52. Qxe4 Qf7+ 53. Qf5 hxg4+ 54. hxg4 Bf6 55. Nd5 c4 1-0

[Event "64 Villalba CC op 10th"]
[Site "Collado Villalba ESP"]
[Date "2025.08.06"]
[Round "3.8"]
[White "Camarero Izquierdo, Juan Carlos"]
[Black "Vega De Alba, Miguel"]
[Result "0-1"]
[WhiteElo "1806"]
[BlackElo "1917"]
[WhiteFideId "-1"]
[BlackFideId "-1"]
[PlyCount "90"]
[GameId "2237052302594147"]
[EventDate "2025.08.04"]
[EventType "swiss"]
[EventRounds "9"]
[EventCountry "ESP"]
[SourceTitle "Ajedrez en Madrid"]
[Source "lmi"]
[SourceDate "2025.08.04"]
[SourceVersion "1"]
[SourceVersionDate "2025.12.11"]
[SourceQuality "1"]

1. d4 Nf6 2. Nc3 d5 3. Bg5 g6 4. Qd2 Bg7 5. f3 O-O 6. Bh6 Bxh6 7. Qxh6 c5 8. dxc5 d4 9. O-O-O Nc6 10. e3 e5 11. Kb1 Qa5 12. Ne4 Nxe4 13. fxe4 Be6 14. a3 Rad8 15. Nf3 dxe3 16. Bd3 f6 17. Qxe3 Nd4 18. h4 Qxc5 19. Nxd4 Qxd4 20. Qh6 Qd7 21. g4 Qg7 22. Qe3 Bxg4 23. Rdg1 h5 24. Qxa7 Rd4 25. Qc5 Rfd8 26. Bc4+ Kh7 27. Bd5 Bf3 28. Rh3 Bxe4 29. Bxe4 Rxe4 30. Rhg3 Rg4 31. Rxg4 hxg4 32. Rxg4 Qd7 33. Rc4 b5 34. Rb4 Qd1+ 35. Ka2 Qd5+ 36. Qxd5 Rxd5 37. c4 bxc4 38. Rxc4 f5 39. b4 f4 40. Rc5 Rd2+ 41. Kb3 f3 42. Rc1 e4 43. b5 Rd6 44. Kc4 e3 45. Kc5 Rd8 0-1

[Event "64 Villalba CC op 10th"]
[Site "Collado Villalba ESP"]
[Date "2025.08.06"]
[Round "3.9"]
[White "Blanco Barrios, Aitana"]
[Black "Alvarez Guerrero, Dylan"]
[Result "0-1"]
[WhiteElo "1893"]
[BlackElo "1800"]
[WhiteFideId "-1"]
[BlackFideId "-1"]
[PlyCount "112"]
[GameId "2236997827969782"]
[EventDate "2025.08.04"]
[EventType "swiss"]
[EventRounds "9"]
[EventCountry "ESP"]
[SourceTitle "Ajedrez en Madrid"]
[Source "lmi"]
[SourceDate "2025.08.04"]
[SourceVersion "1"]
[SourceVersionDate "2025.12.11"]
[SourceQuality "1"]

1. e4 d6 2. d4 Nf6 3. Nc3 g6 4. Be3 Bg7 5. Qd2 a6 6. a4 Nbd7 7. h3 b6 8. Nf3 Bb7 9. Bd3 c5 10. Bh6 Bxh6 11. Qxh6 Qc7 12. d5 O-O-O 13. O-O Rde8 14. Qd2 c4 15. Be2 e6 16. Rfe1 exd5 17. exd5 Qc5 18. b3 Nxd5 19. bxc4 Nxc3 20. Qxc3 Ne5 21. Nxe5 Rxe5 22. Bf3 Rhe8 23. Bxb7+ Kxb7 24. Qf3+ Kb8 25. Rxe5 Rxe5 26. Qxf7 Rf5 27. Qg8+ Kc7 28. Qxh7+ Kb8 29. Qg8+ Kc7 30. Rf1 g5 31. g4 Rf4 32. Qd5 Qxd5 33. cxd5 Rxa4 34. Rd1 Rc4 35. Rd2 a5 36. Kg2 a4 37. Kg3 Rc3+ 38. f3 a3 39. h4 gxh4+ 40. Kxh4 a2 41. Rd1 Rxc2 42. g5 b5 43. g6 Rg2 44. Kh5 b4 45. f4 b3 46. Ra1 b2 47. Rxa2 b1=Q 48. Rxg2 Qh1+ 49. Kg5 Qxg2+ 50. Kf6 Qxd5 51. Kg7 Kd7 52. Kh7 Qh5+ 53. Kg7 Ke7 54. f5 Qxf5 55. Kh8 Qf8+ 56. Kh7 Kf6 0-1

[Event "64 Villalba CC op 10th"]
[Site "Collado Villalba ESP"]
[Date "2025.08.06"]
[Round "3.10"]
[White "De Luna Butz, Alberto"]
[Black "Rodriguez Del Pino, Daniel"]
[Result "1/2-1/2"]
[WhiteElo "1789"]
[BlackElo "1872"]
[WhiteFideId "-1"]
[BlackFideId "-1"]
[PlyCount "31"]
[GameId "2236939339846085"]
[EventDate "2025.08.04"]
[EventType "swiss"]
[EventRounds "9"]
[EventCountry "ESP"]
[SourceTitle "Ajedrez en Madrid"]
[Source "lmi"]
[SourceDate "2025.08.04"]
[SourceVersion "1"]
[SourceVersionDate "2025.12.11"]
[SourceQuality "1"]

1. d4 Nf6 2. Bg5 d5 3. e3 c6 4. Bd3 Nbd7 5. Nf3 e6 6. O-O Be7 7. Nbd2 Qb6 8. Rb1 c5 9. c4 h6 10. Bh4 Bd6 11. cxd5 exd5 12. Bxf6 Nxf6 13. dxc5 Bxc5 14. Nb3 Bd6 15. Nbd4 O-O 16. Qb3 1/2-1/2

[Event "64 Villalba CC op 10th"]
[Site "Collado Villalba ESP"]
[Date "2025.08.06"]
[Round "3.11"]
[White "Mata Medina, Andres"]
[Black "Munoz Saenz, Alfredo"]
[Result "1-0"]
[WhiteElo "1870"]
[BlackElo "1789"]
[WhiteFideId "-1"]
[BlackFideId "-1"]
[PlyCount "111"]
[GameId "2236990001763039"]
[EventDate "2025.08.04"]
[EventType "swiss"]
[EventRounds "9"]
[EventCountry "ESP"]
[SourceTitle "Ajedrez en Madrid"]
[Source "lmi"]
[SourceDate "2025.08.04"]
[SourceVersion "1"]
[SourceVersionDate "2025.12.11"]
[SourceQuality "1"]

1. d4 d5 2. c4 e6 3. Nf3 Nd7 4. Nc3 Ngf6 5. Bg5 Be7 6. e3 c6 7. cxd5 exd5 8. Bd3 h6 9. Bf4 O-O 10. O-O Re8 11. Re1 Bb4 12. a3 Bxc3 13. bxc3 Ne4 14. Qc2 Nf8 15. Nd2 Nd6 16. Bxd6 Qxd6 17. e4 Bg4 18. e5 Qe7 19. Nf1 Bh5 20. Ng3 Bg6 21. f4 Bxd3 22. Qxd3 Qh4 23. Rf1 Qd8 24. f5 Nh7 25. Rf4 Kh8 26. Raf1 f6 27. e6 Qd6 28. Rg4 Qxa3 29. Nh5 Re7 30. h4 a5 31. Qg3 Rg8 32. Nf4 Nf8 33. h5 b5 34. Ng6+ Nxg6 35. hxg6 Rd8 36. Rh4 b4 37. Qe3 Qxc3 38. Qxc3 bxc3 39. Rh3 Ra8 40. Rxc3 Rc7 41. Rfc1 a4 42. Kf2 Kg8 43. Rxc6 Rxc6 44. Rxc6 Kf8 45. Ke3 Ra7 46. Kd2 a3 47. Rc1 Ke7 48. Ra1 a2 49. Kc3 Ra3+ 50. Kb2 Rg3 51. Kxa2 Rxg2+ 52. Kb3 Rg5 53. Ra7+ Ke8 54. Kb4 Rxf5 55. Kc5 Rg5 56. Kd6 1-0

[Event "64 Villalba CC op 10th"]
[Site "Collado Villalba ESP"]
[Date "2025.08.06"]
[Round "3.12"]
[White "Rajadel Rebollido, Thalia"]
[Black "Armesto Robledo, Sebastian Carlos"]
[Result "1/2-1/2"]
[WhiteElo "1769"]
[BlackElo "1867"]
[WhiteFideId "-1"]
[BlackFideId "-1"]
[PlyCount "51"]
[GameId "2236985370964686"]
[EventDate "2025.08.04"]
[EventType "swiss"]
[EventRounds "9"]
[EventCountry "ESP"]
[SourceTitle "Ajedrez en Madrid"]
[Source "lmi"]
[SourceDate "2025.08.04"]
[SourceVersion "1"]
[SourceVersionDate "2025.12.11"]
[SourceQuality "1"]

1. e4 g6 2. d4 Bg7 3. Nc3 c6 4. f4 d5 5. Nf3 dxe4 6. Nxe4 Bg4 7. c3 Nd7 8. Bc4 Bxf3 9. Qxf3 Ngf6 10. Nxf6+ Nxf6 11. O-O O-O 12. f5 Nd5 13. Bxd5 Qxd5 14. Qxd5 cxd5 15. Bg5 Rfe8 16. Rae1 Bf8 17. Rf2 Rac8 18. Rfe2 Rc7 19. Re5 Rd7 20. g4 h6 21. Bh4 g5 22. Bg3 b5 23. h4 Rc8 24. hxg5 hxg5 25. a3 a5 26. R5e3 1/2-1/2

[Event "64 Villalba CC op 10th"]
[Site "Collado Villalba ESP"]
[Date "2025.08.06"]
[Round "3.13"]
[White "Del Olmo Linares, Marco"]
[Black "Barahona Torrijos, Angel"]
[Result "1-0"]
[WhiteElo "1766"]
[BlackElo "1841"]
[WhiteFideId "-1"]
[BlackFideId "-1"]
[PlyCount "81"]
[GameId "2236941166178771"]
[EventDate "2025.08.04"]
[EventType "swiss"]
[EventRounds "9"]
[EventCountry "ESP"]
[SourceTitle "Ajedrez en Madrid"]
[Source "lmi"]
[SourceDate "2025.08.04"]
[SourceVersion "1"]
[SourceVersionDate "2025.12.11"]
[SourceQuality "1"]

1. c4 e6 2. Nf3 Nf6 3. g3 d5 4. Bg2 dxc4 5. O-O c6 6. Qc2 b5 7. a4 Qb6 8. Nc3 Bb7 9. d3 cxd3 10. Qxd3 Nbd7 11. axb5 Rc8 12. Rd1 Bc5 13. Na4 Bxf2+ 14. Kf1 Qa5 15. Kxf2 cxb5 16. Bd2 Qc7 17. Rac1 Bc6 18. Nd4 Ne5 19. Bxc6+ Qxc6 20. Qxb5 Neg4+ 21. Kg1 Qxb5 22. Rxc8+ Kd7 23. Nxb5 Rxc8 24. Bb4+ Nd5 25. e3 Ngxe3 26. Rd3 Rc1+ 27. Kf2 Ng4+ 28. Ke2 Ne5 29. Nc5+ Kc6 30. Nd4+ Kc7 31. Ndxe6+ fxe6 32. Nxe6+ Kd7 33. Nf8+ Ke8 34. Rxd5 Nc6 35. Rc5 Nd4+ 36. Ke3 Rxc5 37. Bxc5 Nb3 38. Ba3 h6 39. Ne6 Kf7 40. Nf4 g5 41. Nd3 1-0

[Event "64 Villalba CC op 10th"]
[Site "Collado Villalba ESP"]
[Date "2025.08.06"]
[Round "3.14"]
[White "Forteza Ribot, Juan"]
[Black "Martin Consuegra, Barrilero Javier"]
[Result "0-1"]
[WhiteElo "1633"]
[BlackElo "1813"]
[WhiteFideId "-1"]
[BlackFideId "-1"]
[PlyCount "84"]
[GameId "2236942571979233"]
[EventDate "2025.08.04"]
[EventType "swiss"]
[EventRounds "9"]
[EventCountry "ESP"]
[SourceTitle "Ajedrez en Madrid"]
[Source "lmi"]
[SourceDate "2025.08.04"]
[SourceVersion "1"]
[SourceVersionDate "2025.12.11"]
[SourceQuality "1"]

1. d4 d5 2. Bf4 Nf6 3. Nf3 e6 4. e3 Be7 5. Bd3 a6 6. Nbd2 c5 7. c3 Nc6 8. Ne5 cxd4 9. exd4 h6 10. Qf3 Bd7 11. g4 Nxe5 12. Bxe5 Bc6 13. Rg1 Rg8 14. h4 Nd7 15. h5 Nxe5 16. dxe5 Bg5 17. Qe2 Qc7 18. Nf3 Bf4 19. g5 O-O-O 20. Rg4 hxg5 21. Nxg5 Bxe5 22. Nxf7 Bxc3+ 23. bxc3 Qxf7 24. Bg6 Qf6 25. Rc1 e5 26. Bd3 Be8 27. Bg6 Bxg6 28. Rxg6 Qe7 29. Qg4+ Qd7 30. Qb4 Rh8 31. Rg5 Rhe8 32. Rb1 Re7 33. Rg6 Qc7 34. Rb6 d4 35. c4 e4 36. Qa4 e3 37. Rxb7 exf2+ 38. Kxf2 Qf4+ 39. Kg1 Qg4+ 40. Kh1 Qxh5+ 41. Kg1 Qg4+ 42. Kh1 Rh8# 0-1

[Event "64 Villalba CC op 10th"]
[Site "Collado Villalba ESP"]
[Date "2025.08.06"]
[Round "3.15"]
[White "Hewitt Alonso, Lucas"]
[Black "Aguilar Alvarez, Christoph Sebastian"]
[Result "0-1"]
[WhiteElo "1475"]
[BlackElo "1734"]
[WhiteFideId "-1"]
[BlackFideId "-1"]
[PlyCount "100"]
[GameId "2236980541428413"]
[EventDate "2025.08.04"]
[EventType "swiss"]
[EventRounds "9"]
[EventCountry "ESP"]
[SourceTitle "Ajedrez en Madrid"]
[Source "lmi"]
[SourceDate "2025.08.04"]
[SourceVersion "1"]
[SourceVersionDate "2025.12.11"]
[SourceQuality "1"]

1. e4 c6 2. d4 d5 3. Nc3 dxe4 4. Nxe4 Nd7 5. Nf3 Ngf6 6. Bd3 Nxe4 7. Bxe4 Nf6 8. Qe2 Bg4 9. h3 Bxf3 10. Qxf3 e6 11. Bg5 Be7 12. Bxf6 Bxf6 13. Bxc6+ bxc6 14. Qxc6+ Ke7 15. Qb7+ Qd7 16. Qxd7+ Kxd7 17. g4 Rab8 18. b3 Kc6 19. O-O-O Rhd8 20. c3 e5 21. dxe5 Bxe5 22. Rxd8 Rxd8 23. c4 Bf4+ 24. Kb1 Kc5 25. Re1 Kb4 26. Re2 Rd2 27. Rxd2 Bxd2 28. Kc2 Bf4 29. f3 a5 30. h4 g6 31. h5 Ka3 32. Kb1 gxh5 33. gxh5 f5 34. Ka1 Be5+ 35. Kb1 h6 36. Kc2 Kxa2 37. c5 Ka3 38. c6 Kb4 39. c7 Bxc7 40. Kb2 Be5+ 41. Ka2 f4 42. Kb1 Kxb3 43. Kc1 a4 44. Kb1 a3 45. Kc1 a2 46. Kd2 a1=Q 47. Kd3 Qd4+ 48. Ke2 Qe3+ 49. Kd1 Qxf3+ 50. Ke1 Bc3# 0-1

[Event "64 Villalba CC op 10th"]
[Site "Collado Villalba ESP"]
[Date "2025.08.06"]
[Round "3.16"]
[White "Perez Gutierrez, Jose Antonio"]
[Black "Pan, Angel Jiaye"]
[Result "1-0"]
[WhiteElo "1725"]
[BlackElo "1634"]
[WhiteFideId "-1"]
[BlackFideId "-1"]
[PlyCount "127"]
[GameId "2236967009051296"]
[EventDate "2025.08.04"]
[EventType "swiss"]
[EventRounds "9"]
[EventCountry "ESP"]
[SourceTitle "Ajedrez en Madrid"]
[Source "lmi"]
[SourceDate "2025.08.04"]
[SourceVersion "1"]
[SourceVersionDate "2025.12.11"]
[SourceQuality "1"]

1. c4 e5 2. g3 Nf6 3. Bg2 Bc5 4. Nc3 c6 5. d3 d6 6. Bd2 Be6 7. Nf3 Nbd7 8. Na4 O-O 9. Nxc5 Nxc5 10. b4 Ncd7 11. O-O Qc7 12. Rc1 Rfe8 13. e4 Rac8 14. a4 Nf8 15. h3 Qd7 16. Kh2 Red8 17. Bg5 Qc7 18. Nh4 h6 19. Be3 c5 20. b5 Qd7 21. f4 exf4 22. gxf4 Bg4 23. Qe1 Bh5 24. Qg3 Be2 25. Rg1 Bh5 26. Bf3 Ng6 27. f5 Bxf3 28. Nxf3 Nh5 29. Qg2 Ne5 30. Nxe5 dxe5 31. Rcd1 f6 32. Bxh6 Qf7 33. Qf3 Kf8 34. Bc1 Ke7 35. Rg6 Rh8 36. Rdg1 Rcg8 37. a5 Rh7 38. b6 axb6 39. axb6 Ra8 40. Be3 Kd6 41. Qf2 Rc8 42. Rb1 Qg8 43. Rb5 Qh8 44. Qg2 Rc6 45. Rg4 Qd8 46. Qg1 Qh8 47. h4 Nf4 48. Bxf4 exf4 49. Qf2 Qa8 50. Qxf4+ Kd7 51. Qg3 Qa3 52. Rxg7+ Rxg7 53. Qxg7+ Ke8 54. Qg3 Kd7 55. h5 Rd6 56. Qg7+ Ke8 57. Qg3 Rxd3 58. Qg8+ Ke7 59. Qe6+ Kd8 60. Qxf6+ Ke8 61. Qe6+ Kd8 62. Qf6+ Ke8 63. Qe5+ Kf8 64. Qxc5+ 1-0

[Event "64 Villalba CC op 10th"]
[Site "Collado Villalba ESP"]
[Date "2025.08.06"]
[Round "3.17"]
[White "Yaniz Lana, Francisco Javier"]
[Black "Escribano Santiago, Ignacio"]
[Result "1-0"]
[WhiteElo "1670"]
[BlackElo "1492"]
[WhiteFideId "-1"]
[BlackFideId "-1"]
[PlyCount "51"]
[GameId "2236965911945873"]
[EventDate "2025.08.04"]
[EventType "swiss"]
[EventRounds "9"]
[EventCountry "ESP"]
[SourceTitle "Ajedrez en Madrid"]
[Source "lmi"]
[SourceDate "2025.08.04"]
[SourceVersion "1"]
[SourceVersionDate "2025.12.11"]
[SourceQuality "1"]

1. d4 Nf6 2. Nf3 e6 3. g3 b6 4. Bg2 Bb7 5. O-O Be7 6. c4 O-O 7. Nc3 d6 8. Qc2 Nbd7 9. Rd1 d5 10. cxd5 exd5 11. Bg5 h6 12. Bf4 c6 13. Ne5 Re8 14. e4 Nf8 15. Qa4 b5 16. Qc2 a5 17. exd5 b4 18. dxc6 Bc8 19. Nb5 Qb6 20. a4 Ba6 21. Nc4 Qd8 22. Nc7 Bxc4 23. Qxc4 Bd6 24. Bxd6 Qxd6 25. Nxa8 Rxa8 26. c7 1-0

[Event "64 Villalba CC op 10th"]
[Site "Collado Villalba ESP"]
[Date "2025.08.06"]
[Round "3.18"]
[White "Anton Sanz, Jose Carlos"]
[Black "De Juan Huarte, Federico"]
[Result "0-1"]
[WhiteElo "1625"]
[BlackElo "1597"]
[WhiteFideId "-1"]
[BlackFideId "-1"]
[PlyCount "50"]
[GameId "2236963973870211"]
[EventDate "2025.08.04"]
[EventType "swiss"]
[EventRounds "9"]
[EventCountry "ESP"]
[SourceTitle "Ajedrez en Madrid"]
[Source "lmi"]
[SourceDate "2025.08.04"]
[SourceVersion "1"]
[SourceVersionDate "2025.12.11"]
[SourceQuality "1"]

1. d4 d6 2. Nf3 g6 3. Nc3 Bg7 4. e4 Bg4 5. Be2 Nc6 6. a3 Bxf3 7. Bxf3 Nxd4 8. Be3 c5 9. Be2 Nxe2 10. Qxe2 Qb6 11. Qb5+ Qxb5 12. Nxb5 Kd7 13. c3 a6 14. Rd1 Kc6 15. Nxd6 exd6 16. O-O Nf6 17. f3 Nd7 18. Rd2 Ne5 19. b3 Rhd8 20. Rfd1 f6 21. Rd5 Rd7 22. Bf2 c4 23. f4 Nd3 24. bxc4 Nxf4 25. R5d4 Ne2+ 0-1

[Event "64 Villalba CC op 10th"]
[Site "Collado Villalba ESP"]
[Date "2025.08.06"]
[Round "3.19"]
[White "Candeleda Mayoral, Ramon"]
[Black "Lopez Pereira, Irene"]
[Result "1-0"]
[WhiteElo "1620"]
[BlackElo "1507"]
[WhiteFideId "-1"]
[BlackFideId "-1"]
[PlyCount "105"]
[GameId "2236958588371544"]
[EventDate "2025.08.04"]
[EventType "swiss"]
[EventRounds "9"]
[EventCountry "ESP"]
[SourceTitle "Ajedrez en Madrid"]
[Source "lmi"]
[SourceDate "2025.08.04"]
[SourceVersion "1"]
[SourceVersionDate "2025.12.11"]
[SourceQuality "1"]

1. d4 d5 2. c4 e6 3. Nc3 c5 4. Nf3 Nf6 5. Bg5 Nc6 6. e3 Be7 7. dxc5 Bxc5 8. Bxf6 Qxf6 9. cxd5 Ne7 10. Bb5+ Bd7 11. Bxd7+ Kxd7 12. dxe6+ Kxe6 13. Qb3+ Kd6 14. Rd1+ Kc6 15. Qb5+ Kc7 16. Qxc5+ Kb8 17. Qe5+ Qxe5 18. Nxe5 f6 19. Nf7 Rf8 20. Rd8+ Kc7 21. Rxa8 Rxa8 22. Nb5+ Kb6 23. Nbd6 Nc8 24. O-O Nxd6 25. Nxd6 Kc6 26. Ne4 Kd5 27. Nc3+ Kc6 28. Rd1 Rc8 29. Nd5 Kb5 30. Nc3+ Kc6 31. Rc1 Kd7 32. Kf1 b5 33. b4 a5 34. a3 axb4 35. axb4 Rc4 36. Rd1+ Kc6 37. Na2 Rc2 38. Rc1 Rxc1+ 39. Nxc1 Kd5 40. Ke2 Kc4 41. Nd3 Kc3 42. f4 Kb3 43. e4 Kc4 44. Ke3 h6 45. e5 Kd5 46. h4 h5 47. Kf3 f5 48. Ke3 g6 49. Nc5 Kc6 50. Kd4 Kc7 51. Kd5 Kd8 52. Kd6 Ke8 53. Ke6 1-0

[Event "64 Villalba CC op 10th"]
[Site "Collado Villalba ESP"]
[Date "2025.08.07"]
[Round "4.1"]
[White "Martinez Fernandez, Raul"]
[Black "Roa Alonso, Santiago"]
[Result "0-1"]
[WhiteElo "2233"]
[BlackElo "2349"]
[WhiteFideId "-1"]
[BlackFideId "-1"]
[PlyCount "118"]
[GameId "2244041863471375"]
[EventDate "2025.08.04"]
[EventType "swiss"]
[EventRounds "9"]
[EventCountry "ESP"]
[SourceTitle "Ajedrez en Madrid"]
[Source "lmi"]
[SourceDate "2025.08.04"]
[SourceVersion "1"]
[SourceVersionDate "2025.12.11"]
[SourceQuality "1"]

1. e4 e5 2. Nf3 Nc6 3. Bb5 a6 4. Bxc6 dxc6 5. Nc3 Qd6 6. d4 exd4 7. Qxd4 Qxd4 8. Nxd4 Bd7 9. f3 O-O-O 10. Kf2 Ne7 11. Be3 Ng6 12. Rad1 h5 13. Nde2 Bd6 14. Na4 Be6 15. b3 b6 16. f4 Bg4 17. e5 Be7 18. Rxd8+ Rxd8 19. Nac3 Nh4 20. h3 Bf5 21. g3 Ng6 22. Nd4 Bd7 23. Nf3 Bb4 24. Ne2 Bf5 25. c3 Be7 26. Ned4 Be4 27. Re1 c5 28. Ne2 Bf5 29. Nfg1 f6 30. exf6 Bxf6 31. Rc1 Ne7 32. h4 Nd5 33. Bd2 Nb4 34. cxb4 Rxd2 35. bxc5 Rxa2 36. cxb6 Bd4+ 37. Ke1 Bxb6 38. Nf3 Bg4 39. Nfd4 Kb7 40. Nc2 Be3 41. Nc3 Bxc1 42. Nxa2 Bb2 43. Kd2 Be6 44. Nab4 Bxb3 45. Nd3 Bxc2 46. Nxb2 Bf5 47. Kc3 c5 48. Nd1 Kc6 49. Ne3 g6 50. Kb3 Kb5 51. Kc3 Be6 52. Nc2 a5 53. Ne1 a4 54. Nd3 a3 55. Ne5 c4 56. Nf3 a2 57. Nd4+ Ka5 58. Nc2 Bf5 59. Na1 Bb1 0-1

[Event "64 Villalba CC op 10th"]
[Site "Collado Villalba ESP"]
[Date "2025.08.07"]
[Round "4.2"]
[White "Ubilava, Elizbar"]
[Black "Torres Torres, George Maycol"]
[Result "1-0"]
[WhiteElo "2375"]
[BlackElo "1919"]
[WhiteFideId "-1"]
[BlackFideId "-1"]
[PlyCount "31"]
[GameId "2244050288476456"]
[EventDate "2025.08.04"]
[EventType "swiss"]
[EventRounds "9"]
[EventCountry "ESP"]
[SourceTitle "Ajedrez en Madrid"]
[Source "lmi"]
[SourceDate "2025.08.04"]
[SourceVersion "1"]
[SourceVersionDate "2025.12.11"]
[SourceQuality "1"]

1. Nf3 d5 2. c4 dxc4 3. Na3 Nf6 4. Nxc4 e6 5. b3 b6 6. Bb2 Bb7 7. e3 c5 8. g4 Nc6 9. Rg1 Nd5 10. g5 Rg8 11. Nfe5 g6 12. Qf3 Qe7 13. Nd6+ Kd8 14. Nxb7+ Kc7 15. Nxc6 Kxc6 16. e4 1-0

[Event "64 Villalba CC op 10th"]
[Site "Collado Villalba ESP"]
[Date "2025.08.07"]
[Round "4.3"]
[White "Pastor Alonso De Prado, Alberto"]
[Black "Centeno Mendoza, Julio Stefano"]
[Result "0-1"]
[WhiteElo "2003"]
[BlackElo "2118"]
[WhiteFideId "-1"]
[BlackFideId "-1"]
[PlyCount "74"]
[GameId "2215595505262776"]
[EventDate "2025.08.04"]
[EventType "swiss"]
[EventRounds "9"]
[EventCountry "ESP"]
[SourceTitle "Ajedrez en Madrid"]
[Source "lmi"]
[SourceDate "2025.08.04"]
[SourceVersion "1"]
[SourceVersionDate "2025.12.11"]
[SourceQuality "1"]

1. Nf3 d5 2. c4 e6 3. g3 Nf6 4. Bg2 c5 5. O-O Nc6 6. b3 d4 7. e3 Be7 8. exd4 cxd4 9. Re1 Qc7 10. d3 O-O 11. Qe2 Bd6 12. Ba3 Re8 13. c5 Bf8 14. b4 e5 15. Nbd2 Nd5 16. Nc4 Nc3 17. Qc2 Nb5 18. Qa4 Nxa3 19. Nxa3 Bf5 20. Qb3 a5 21. Nh4 Be6 22. Nc4 Bxc4 23. Qxc4 axb4 24. Rac1 Ra5 25. Bxc6 Qxc6 26. Qxb4 Rxc5 27. Rxc5 Bxc5 28. Qb1 g6 29. a4 b6 30. Qc2 Qd5 31. f4 e4 32. Nf3 Kg7 33. Ne5 f6 34. Qc4 Rxe5 35. fxe5 Qxc4 36. dxc4 d3+ 37. Kg2 e3 0-1